000 00923nam a2200277 c 4500
003 BLK
005 20250404123402.0
008 180411b bul|||||r ||||||| ||bul||
020 _a9789542846161
040 _aBLK
041 _aBUL
_cBUL
080 _aБългарска литература
_b821.163.2
_z821.163.2-32
100 1 _aКонрад, Емил
_eпърви автор
_9336395
139 _aКонрад, Емил
_bК 81
245 1 0 _aОбратни мисли
_b(нещата, които не мога да кажа в интернет)
_cЕмил Конрад.
257 _aBGR
260 _bСиела Норма
_c2024
_9217021
_aСофия
_n978-954-28-
300 _a136 с.
_c19 см
380 _aX
856 4 _qpdf
856 4 _qpdf
942 _cKNG
_n0
_021
_s1
999 _c505245
_d505245
999 _d178432
999 _d178432
944 _a30545
_cНора Радева
_k30531
_lЦветелина Шанова